000 00283nam a2200109Ia 4500
008 190216s9999||||xx |||||||||||||| ||und||
100 _aVictor Samerin
245 0 _aUs Imperialism Gangs Up With Forces Of Reaction
260 _bNovesti Press Agency
650 _aHistory
942 _cBK
999 _c19705
_d19705